000 00387nam a2200181Ia 4500
001 342
005 20260306140510.0
008 260306t1989||||xx |||||||||||||| ||spa||
041 _aESP
082 _a101
_bP54
100 _aPieper, Josef
_eAUT
245 0 _aDefensa de la filosofĂ­a
260 _c1989
300 _a
_c
650 _aGEN
654 _aCHU
942 _cLIB
_dJUS
_fJUS
_2ddc
_n
999 _c342
_d342